Top 15 Covid-19 getroffen landen - 18 mei - Statistieken

Algemene statistieken
  • Deze quiz is 5 keer genomen
  • De gemiddelde score is 9 van 25
Antwoordstatistieken
land % Correct
China
100%
Verenigde Staten
100%
Duitsland
80%
India
80%
Rusland
80%
België
60%
Canada
60%
Frankrijk
60%
Italië
40%
Peru
40%
Portugal
40%
Spanje
40%
Verenigd Koninkrijk
40%
Brazilië
20%
Iran
20%
Singapore
20%
Zwitserland
20%
Bahrein
0%
Ierland
0%
Koeweit
0%
Qatar
0%
Saoedi-Arabië
0%
Turkije
0%
Wit-Rusland
0%
Zweden
0%
Geen overeenkomende quizzen gevonden
Scoreverdeling
Procent van Mensen met Elke Score
Percentiel versus Aantal Correcte Antwoorden
Uw Scoregeschiedenis
U heeft deze quiz nog niet genomen